Síntesis informativa de las principales operaciones de crédito del Banco de Crédito Local de España y su tramitación
Descripción Física:
11 f. ; 30 cm
MARC
| LEADER | 00000nam a2200000Ia 4500 | ||
|---|---|---|---|
| 001 | 20990 | ||
| 008 | 160829s1976 xx 000 0 cat d | ||
| 080 | |a FU-24-29 | ||
| 245 | |a Síntesis informativa de las principales operaciones de crédito del Banco de Crédito Local de España y su tramitación | ||
| 260 | |a Barcelona : |b Diputación Provincial de Barcelona. Gabinete Técnico, |c 1976 | ||
| 300 | |a 11 f. ; |c 30 cm | ||
| 590 | |a Prové de E-111 | ||
| 610 | 2 | 0 | |a Banco de Crédito Local de España |9 53585 |
| 650 | |a Préstecs bancaris |x Espanya |9 41112 | ||
| 710 | 2 | |a Banco de Crédito Local de España |9 53585 | |
| 901 | |a Arxiu | ||
| 942 | |n 1 | ||
| 952 | |0 0 |1 0 |4 0 |6 FU2429 |7 1 |9 50052 |a Arxiu |b Arxiu |d 2016-12-01 |l 0 |o FU-24-29 |p 20990 |r 2016-12-01 00:00:00 |w 2016-12-01 |y ARXIU | ||
| 999 | |c 53894 |d 53894 | ||